La gran bifurcación: crisis y oportunidad, anticipación del nuevo paradigma que va tomando forma

Guardado en:
Detalles Bibliográficos
Autor principal: Laszlo, Ervin (Autor)
Formato: Libro
Lenguaje:español
Publicado: Madrid Barcelona 1990
Colección:Colección límites de la ciencia, 20
Materias:
Etiquetas: Agregar Etiqueta
Sin Etiquetas, Sea el primero en etiquetar este registro!

MARC

LEADER 00000nam a2200000 a 4500
001 UCW6349
003 CL-VaPUC
008 911122e19900000SP |||||||||||||||||spa|d
082 0 4 |a 501  |b LAS  |2 21 
100 |a Laszlo, Ervin  |e author  |9 552935 
245 1 3 |a La gran bifurcación: crisis y oportunidad, anticipación del nuevo paradigma que va tomando forma 
300 |a 172 p 
942 |c BK 
945 |d 19911122 00:00:00 
260 |a Madrid  |b Barcelona  |c 1990 
650 0 |a Teoría del conocimiento   |9 255038 
650 0 |a Filosofía de las ciencias  |9 256466 
583 |a last modification  |c 19911122 00:00:00  |k Rodrigo Vera 
490 0 |a Colección límites de la ciencia, 20 
999 |c 219441  |d 219439 
952 |0 0  |1 0  |4 0  |6 501_000000000000000_LAS_1990  |7 0  |8 A  |9 210373  |a BIBEDU  |b BIBEDU  |d 2019-11-15  |i 2784718  |o 501 LAS 1990  |p 2784718  |r 2019-11-15  |w 2019-11-15  |y BK  |k EDU